000
00234 a2200097 4500
090
_c
3948
_d
3948
100
_a
Mike Mcgrath
245
_a
JAVA 2 in easy steps
260
_a
Dreamtech Press
_b
New Delhi
_c
2001
942
_a
NBS
_c
BK
_k
005.3 MCG
999
_c
346408
_d
346408